000 00684nam a22002172 4500
001 0000021339
005 20151217154454.0
008 120315s xx 000 0 eng d
020 _a8174969675 :
040 _aKABU
_cKABU
100 1 _aMadan, Sushila.
_@0000182162
245 1 0 _aTaxmann's introduction to computers and information system /
_cSushila Madan.
250 _a3rd ed.
260 _aDelhi :
_bTaxmann Allied Services,
_c2007.
300 _a309 p.
650 0 _aComputer science.
_@0000058480
852 1 _9p6190 KES
852 1 _9p6190 KES
908 _a120315
950 _@1
999 _c11428
_d11428